<?xml version="1.0" encoding="UTF-8"?>
<record
    xmlns:xsi="http://www.w3.org/2001/XMLSchema-instance"
    xsi:schemaLocation="http://www.loc.gov/MARC21/slim http://www.loc.gov/standards/marcxml/schema/MARC21slim.xsd"
    xmlns="http://www.loc.gov/MARC21/slim">

  <leader>01998nam a22002537a 4500</leader>
  <controlfield tag="003">Uzh_bibl</controlfield>
  <controlfield tag="008">250206b        |||||||| |||| 00| 0 ukr d</controlfield>
  <datafield tag="020" ind1=" " ind2=" ">
    <subfield code="a">978-966-14-0437-2</subfield>
    <subfield code="c">20.00</subfield>
  </datafield>
  <datafield tag="040" ind1=" " ind2=" ">
    <subfield code="b">&#x443;&#x43A;&#x440;.</subfield>
  </datafield>
  <datafield tag="041" ind1=" " ind2=" ">
    <subfield code="2">eng</subfield>
    <subfield code="a">ukr</subfield>
  </datafield>
  <datafield tag="080" ind1=" " ind2=" ">
    <subfield code="a">821(73)</subfield>
  </datafield>
  <datafield tag="090" ind1=" " ind2=" ">
    <subfield code="a">821(73)</subfield>
    <subfield code="b">&#x411; 87</subfield>
  </datafield>
  <datafield tag="100" ind1=" " ind2=" ">
    <subfield code="a">&#x411;&#x440;&#x430;&#x443;&#x43D;,&#x414;&#x435;&#x43D;</subfield>
  </datafield>
  <datafield tag="245" ind1=" " ind2=" ">
    <subfield code="a">&#x42F;&#x43D;&#x433;&#x43E;&#x43B;&#x438; &#x456; &#x434;&#x435;&#x43C;&#x43E;&#x43D;&#x438;</subfield>
    <subfield code="c">&#x43F;&#x435;&#x440;.&#x437; &#x430;&#x43D;&#x433;&#x43B;.&#x410;.&#x41A;&#x430;&#x43C;'&#x44F;&#x43D;&#x435;&#x446;&#x44C;</subfield>
    <subfield code="h">&#x422;&#x435;&#x43A;&#x441;&#x442;</subfield>
  </datafield>
  <datafield tag="260" ind1=" " ind2=" ">
    <subfield code="a">&#x425;&#x430;&#x440;&#x43A;&#x456;&#x432;</subfield>
    <subfield code="b">&#x41A;&#x43D;&#x438;&#x436;&#x43A;&#x43E;&#x432;&#x438;&#x439; &#x41A;&#x43B;&#x443;&#x431; "&#x41A;&#x43B;&#x443;&#x431; &#x421;&#x456;&#x43C;&#x435;&#x439;&#x43D;&#x43E;&#x433;&#x43E; &#x414;&#x43E;&#x437;&#x432;&#x456;&#x43B;&#x44F;"</subfield>
    <subfield code="c">2009</subfield>
  </datafield>
  <datafield tag="300" ind1=" " ind2=" ">
    <subfield code="a">544 &#x441;.</subfield>
    <subfield code="f">&#x412; &#x43E;&#x43F;&#x440;.</subfield>
  </datafield>
  <datafield tag="520" ind1=" " ind2=" ">
    <subfield code="a">&#x412;&#x441;&#x435;&#x441;&#x432;&#x456;&#x442;&#x43D;&#x44C;&#x43E; &#x432;&#x456;&#x434;&#x43E;&#x43C;&#x43E;&#x433;&#x43E; &#x444;&#x430;&#x445;&#x456;&#x432;&#x446;&#x44F; &#x437; &#x440;&#x435;&#x43B;&#x456;&#x433;&#x456;&#x439;&#x43D;&#x43E;&#x457; &#x441;&#x438;&#x43C;&#x432;&#x43E;&#x43B;&#x456;&#x43A;&#x438; &#x420;&#x43E;&#x431;&#x435;&#x440;&#x442;&#x430; &#x41B;&#x435;&#x43D;&#x491;&#x434;&#x43E;&#x43D;&#x430; &#x442;&#x435;&#x440;&#x43C;&#x456;&#x43D;&#x43E;&#x432;&#x43E; &#x432;&#x438;&#x43A;&#x43B;&#x438;&#x43A;&#x430;&#x44E;&#x442;&#x44C; &#x434;&#x43E; &#x428;&#x432;&#x435;&#x439;&#x446;&#x430;&#x440;&#x456;&#x457;, &#x449;&#x43E;&#x431; &#x434;&#x43E;&#x441;&#x43B;&#x456;&#x434;&#x438;&#x442;&#x438; &#x437;&#x430;&#x433;&#x430;&#x434;&#x43A;&#x43E;&#x432;&#x438;&#x439; &#x437;&#x43D;&#x430;&#x43A;, &#x432;&#x438;&#x43F;&#x430;&#x43B;&#x435;&#x43D;&#x438;&#x439; &#x43D;&#x430; &#x433;&#x440;&#x443;&#x434;&#x44F;&#x445; &#x43F;&#x43E;-&#x437;&#x432;&#x456;&#x440;&#x44F;&#x447;&#x43E;&#x43C;&#x443; &#x432;&#x431;&#x438;&#x442;&#x43E;&#x433;&#x43E; &#x444;&#x456;&#x437;&#x438;&#x43A;&#x430;. &#x412;&#x456;&#x43D; &#x440;&#x43E;&#x431;&#x438;&#x442;&#x44C; &#x43F;&#x440;&#x438;&#x433;&#x43E;&#x43B;&#x43E;&#x43C;&#x448;&#x43B;&#x438;&#x432;&#x435; &#x432;&#x456;&#x434;&#x43A;&#x440;&#x438;&#x442;&#x442;&#x44F;: &#x446;&#x435; &#x441;&#x43F;&#x440;&#x430;&#x432;&#x430; &#x440;&#x443;&#x43A; &#x434;&#x430;&#x432;&#x43D;&#x44C;&#x43E;&#x433;&#x43E; &#x432;&#x43E;&#x440;&#x43E;&#x433;&#x430; &#x426;&#x435;&#x440;&#x43A;&#x432;&#x438; &#x2014; &#x442;&#x430;&#x454;&#x43C;&#x43D;&#x43E;&#x457; &#x43E;&#x440;&#x433;&#x430;&#x43D;&#x456;&#x437;&#x430;&#x446;&#x456;&#x457; &#x456;&#x43B;&#x44E;&#x43C;&#x456;&#x43D;&#x430;&#x442;&#x456;&#x432;. &#x41A;&#x440;&#x456;&#x43C; &#x442;&#x43E;&#x433;&#x43E;, &#x443; &#x412;&#x430;&#x442;&#x438;&#x43A;&#x430;&#x43D;&#x456; &#x437;&#x430;&#x43A;&#x43B;&#x430;&#x434;&#x435;&#x43D;&#x43E; &#x43D;&#x430;&#x434;&#x43F;&#x43E;&#x442;&#x443;&#x436;&#x43D;&#x443; &#x431;&#x43E;&#x43C;&#x431;&#x443;, &#x44F;&#x43A;&#x443; &#x43C;&#x430;&#x454; &#x437;&#x43D;&#x430;&#x439;&#x442;&#x438; &#x441;&#x430;&#x43C;&#x435; &#x41B;&#x435;&#x43D;&#x491;&#x434;&#x43E;&#x43D; &#x440;&#x430;&#x437;&#x43E;&#x43C; &#x456;&#x437; &#x447;&#x430;&#x440;&#x456;&#x432;&#x43D;&#x43E;&#x44E; &#x436;&#x456;&#x43D;&#x43A;&#x43E;&#x44E;-&#x43D;&#x430;&#x443;&#x43A;&#x43E;&#x432;&#x446;&#x435;&#x43C; &#x412;&#x456;&#x442;&#x442;&#x43E;&#x440;&#x456;&#x454;&#x44E; &#x412;&#x435;&#x442;&#x440;&#x43E;&#x44E;. &#x41D;&#x430; &#x43D;&#x438;&#x445; &#x447;&#x435;&#x43A;&#x430;&#x454; &#x448;&#x430;&#x43B;&#x435;&#x43D;&#x430; &#x43F;&#x440;&#x438;&#x433;&#x43E;&#x434;&#x430;: &#x439;&#x434;&#x443;&#x447;&#x438; &#x441;&#x43B;&#x456;&#x434;&#x43E;&#x43C; &#x431;&#x435;&#x437;&#x436;&#x430;&#x43B;&#x44C;&#x43D;&#x43E;&#x433;&#x43E; &#x432;&#x431;&#x438;&#x432;&#x446;&#x456;, &#x437;&#x431;&#x438;&#x440;&#x430;&#x442;&#x438; &#x442;&#x440;&#x443;&#x43F;&#x438;, &#x432;&#x438;&#x434;&#x438;&#x440;&#x430;&#x442;&#x438;&#x441;&#x44F; &#x43D;&#x430; &#x441;&#x43E;&#x431;&#x43E;&#x440;&#x438;, &#x441;&#x43F;&#x443;&#x441;&#x43A;&#x430;&#x442;&#x438;&#x441;&#x44F; &#x432; &#x43F;&#x456;&#x434;&#x437;&#x435;&#x43C;&#x435;&#x43B;&#x43B;&#x44F;, &#x449;&#x43E;&#x431; &#x437;&#x43D;&#x430;&#x439;&#x442;&#x438; &#x43D;&#x430;&#x440;&#x435;&#x448;&#x442;&#x456; &#x43B;&#x456;&#x433;&#x432;&#x43E; &#x456;&#x43B;&#x44E;&#x43C;&#x456;&#x43D;&#x430;&#x442;&#x456;&#x432; &#x456; &#x432;&#x440;&#x44F;&#x442;&#x443;&#x432;&#x430;&#x442;&#x438; &#x421;&#x432;&#x44F;&#x442;&#x438;&#x439; &#x43F;&#x440;&#x435;&#x441;&#x442;&#x43E;&#x43B;.

</subfield>
  </datafield>
  <datafield tag="521" ind1=" " ind2=" ">
    <subfield code="a">&#x414;&#x43B;&#x44F; &#x448;&#x438;&#x440;&#x43E;&#x43A;&#x43E;&#x433;&#x43E; &#x43A;&#x43E;&#x43B;&#x430; &#x447;&#x438;&#x442;&#x430;&#x447;&#x456;&#x432;</subfield>
  </datafield>
  <datafield tag="546" ind1=" " ind2=" ">
    <subfield code="a">&#x443;&#x43A;&#x440;.</subfield>
  </datafield>
  <datafield tag="650" ind1=" " ind2=" ">
    <subfield code="a">&#x41B;&#x456;&#x442;&#x435;&#x440;&#x430;&#x442;&#x443;&#x440;&#x43D;&#x43E;-&#x445;&#x443;&#x434;&#x43E;&#x436;&#x43D;&#x435; &#x432;&#x438;&#x434;&#x430;&#x43D;&#x43D;&#x44F;</subfield>
  </datafield>
  <datafield tag="653" ind1=" " ind2=" ">
    <subfield code="a">&#x420;&#x435;&#x43B;&#x456;&#x433;&#x456;&#x44F;</subfield>
    <subfield code="a">&#x417;&#x430;&#x433;&#x430;&#x434;&#x43A;&#x43E;&#x432;&#x438;&#x439; &#x437;&#x43D;&#x430;&#x43A;</subfield>
    <subfield code="a">&#x412;&#x431;&#x438;&#x432;&#x441;&#x442;&#x432;&#x430;</subfield>
  </datafield>
  <datafield tag="655" ind1=" " ind2=" ">
    <subfield code="a">&#x422;&#x440;&#x438;&#x43B;&#x43B;&#x435;&#x440;</subfield>
    <subfield code="v">&#x440;&#x43E;&#x43C;&#x430;&#x43D;</subfield>
  </datafield>
  <datafield tag="942" ind1=" " ind2=" ">
    <subfield code="2">udc</subfield>
    <subfield code="c">BK</subfield>
  </datafield>
  <datafield tag="999" ind1=" " ind2=" ">
    <subfield code="c">16665</subfield>
    <subfield code="d">16665</subfield>
  </datafield>
  <datafield tag="952" ind1=" " ind2=" ">
    <subfield code="0">0</subfield>
    <subfield code="1">0</subfield>
    <subfield code="2">udc</subfield>
    <subfield code="4">0</subfield>
    <subfield code="7">0</subfield>
    <subfield code="a">CMB</subfield>
    <subfield code="b">CMB</subfield>
    <subfield code="c">AB</subfield>
    <subfield code="d">2026-02-02</subfield>
    <subfield code="i">62357</subfield>
    <subfield code="l">1</subfield>
    <subfield code="p">19103</subfield>
    <subfield code="q">2026-05-18</subfield>
    <subfield code="r">2026-04-18</subfield>
    <subfield code="s">2026-04-18</subfield>
    <subfield code="w">2026-02-02</subfield>
    <subfield code="y">BK</subfield>
  </datafield>
</record>
